| 000 | 02025cam a22005414i 4500 | ||
|---|---|---|---|
| 003 | PE-LiUPU | ||
| 005 | 20250731165448.0 | ||
| 008 | 150623s r 000 0 d | ||
| 020 | _a083081776X | ||
| 035 | _a(Sirsi) i9780830817764 | ||
| 040 |
_aPE-LiUPU _bspa _cPE-LiUPU _erda |
||
| 049 | _aPRUA | ||
| 082 | 0 | 4 |
_a277.3003 _bD22 _221 |
| 245 | 0 | 0 |
_aDictionary of christianity in America / _ccoordinador editor, Daniel G. Reid, editor de consultoría, Robert D. Linder, Bruce L. Shelley, Harry S. Stout. |
| 264 | 1 |
_aDowners Grove, Illinois : _bIntervarsity press, _c1990. |
|
| 300 |
_a1305 páginas ; _c27 centímetros |
||
| 336 |
_atext _2rdacontent |
||
| 337 |
_aunmediated _2rdamedia |
||
| 338 |
_avolume _2rdacarrier |
||
| 504 | _aBibliografía al final de cada palabra. | ||
| 505 | 0 | _aHow to use this dictionary. -Abbreviations. -List of contributors. -Introduction. -Dictionary articles. | |
| 526 | _aSEG44 | ||
| 526 | _aSEG26 | ||
| 526 | _aP151 | ||
| 526 | _aP150 | ||
| 526 | _aP149 | ||
| 526 | _aP146 | ||
| 526 | _aP145 | ||
| 526 | _aP126 | ||
| 526 | _aP125 | ||
| 526 | _aP92 | ||
| 526 | _aP75 | ||
| 526 | _aP74 | ||
| 526 | _aP27 | ||
| 526 | _aP15 | ||
| 650 | 0 | 4 |
_aCristianismo _zEstados Unidos _vDiccionarios. |
| 650 | 0 | 4 |
_aEstados Unidos _xHistoria de la Iglesia _vDiccionarios. |
| 700 | 1 | _aLinder, Robert Dean | |
| 700 | 1 |
_aReid, Daniel G., _d1949 -, _eed. |
|
| 700 | 1 | _aShelley, Bruce L.1927- | |
| 700 | 1 | _aStout, Harry S. | |
| 942 |
_2ddc _cBOOK |
||
| 949 |
_aRC 277.3003 D22 _wDEWEY _c1 _i43758 _lCCODEBUL1 _mBUL _r0 _sY _tBOOK _u2015-6-24 _xTEOLOGIA _PP35 _0COMPRA _o.CIRCNOTE. No olvidar cambiar la fecha de devolución!!!!!!! _o.STAFF. Colección General |
||
| 994 |
_aC0 _bPEPRU |
||
| 596 | _a1 | ||
| 999 |
_aRC 277.3003 D22 _wDEWEY _c20160 _i43758 _f2021-11-8 _g6 _lCCODEBUL1 _mBUL _r1 _sY _tBOOK _u2015-6-24 _xTEOLOGIA _PP35 _0COMPRA _o.CIRCNOTE. No olvidar cambiar la fecha de devolución!!!!!!! _o.STAFF. Colección General _d20160 |
||
| 980 |
_81 _gALBERTO SANCHEZ Responsable de Automatización |
||